Palau Güell : Plànol de la visita (català) Plànol de la visita (català)
Descripción Física:
1 f. plegat en 4 parts ; il. col. ; 21 cm.
Materias:
Palau Güell (Barcelona) -- Guies
Idioma:
Catalán
MARC
| LEADER | 00000nam a22000007a 4500 | ||
|---|---|---|---|
| 001 | 27463 | ||
| 003 | Arxiu | ||
| 005 | 20260324181154.0 | ||
| 008 | 230306b spa||||| |||| 00| 0 cat d | ||
| 017 | |a B 4140-2022 | ||
| 040 | |a agdb |b cat | ||
| 041 | |a cat | ||
| 110 | 2 | |9 17034 |a Palau Güell (Barcelona) | |
| 245 | |a Palau Güell : |b Plànol de la visita (català) | ||
| 260 | |a Barcelona : |b Diputació de Barcelona ; |c 2022 | ||
| 300 | |a 1 f. plegat en 4 parts ; |b il. col. ; |c 21 cm. | ||
| 610 | 2 | 0 | |9 52892 |a Palau Güell (Barcelona) |v Guies |
| 710 | 1 | |a Barcelona (Catalunya : Província). |b Diputació |9 52408 | |
| 942 | |2 udc |c ARXIU |n 1 | ||
| 952 | |0 0 |1 0 |2 udc |4 0 |6 FU74101 |7 1 |9 65462 |a Arxiu |b Arxiu |d 2023-03-06 |l 0 |o FU-74-101 |p 27463 |r 2023-03-06 00:00:00 |w 2023-03-06 |y ARXIU | ||
| 999 | |c 83138 |d 83138 | ||